00401nam a2200181Ia 4500003000900000008004100009040001300050040001300063041000800076100001800084245005000102250001200152260001200164260000900176300001200185490001500197490000700212IT-RoPAU120407s9999 xx 000 0 und d aIT-RoPAU cIT-RoPAU aita aLucien Sè€ve aMarxismo e teoria della personalità€. 2a ed. aTorino  aEinaudi c1973 c20,5 cm aPaperbacks v36